| 000 | 01165nam a2200301 i 4500 | ||
|---|---|---|---|
| 001 | 000016831 | ||
| 003 | DO-SdBNP | ||
| 005 | 20240307073946.0 | ||
| 007 | ta | ||
| 008 | 100310s1992 dr b 000 0 spa d | ||
| 040 |
_aDO-SdBNP _bspa _cBNPHU _erda |
||
| 082 | 4 |
_a628.445 _bH112e _222 |
|
| 100 | 1 |
_aHaas, Hans-Dieter _937269 |
|
| 245 | 1 | 0 |
_aEconomía de desperdicios comunal e informal en Santo Domingo/República Dominicanas / _cHans -Dieter Haas, Thorsten Sagawe. |
| 260 |
_aSanto Domingo : _bUASD, _c1992. |
||
| 300 |
_a85 p. : _bmapa ; _c21 cm. |
||
| 336 |
_2rdacontent _atexto _btxt |
||
| 337 |
_2rdamedia _asin mediación _bn |
||
| 338 |
_2rdacarrier _avolumen _bnc |
||
| 490 | 1 |
_aPublicaciones de la Universidad Autónoma de Santo Domingo _v675 |
|
| 650 | 4 |
_aAprovechamiento de residuos _zRepública Dominicana _937270 |
|
| 650 | 4 |
_aBasuras y aprovechamiento de basuras _zRepública Dominicana _937271 |
|
| 700 | 1 |
_aSagawe, Thorsten _937272 |
|
| 710 | 1 |
_aUniversidad Autónoma de Santo Domingo _972951 |
|
| 830 | 0 |
_aPublicaciones de la Universidad Autónoma de Santo Domingo _n675 _937273 |
|
| 910 | _aValidado. Control de calidad/MAA | ||
| 942 |
_2ddc _cLBS1 |
||
| 999 |
_c16363 _d16363 |
||